The Regions of Ukraine in Ukrainian - Statistics

General Stats
  • This quiz has been taken 14 times
  • The average score is 16 of 27
Answer Stats
English Українська % Correct
Crimea Автономна Республіка Крим
79%
Cherkasy Черкаська область
71%
Kyiv (City) Київ
71%
Chernihiv Чернігівська область
64%
Chernivtsi Чернівецька область
64%
Dnipropetrovsk Дніпропетровська область
64%
Donetsk Донецька область
64%
Ivano-Frankivsk Івано-Франківська область
64%
Kharkiv Харківська область
64%
Kherson Херсонська область
64%
Khmelnytskyi Хмельницька область
57%
Kirovohrad Кіровоградська область
57%
Kyiv (Oblast) Київська область
57%
Luhansk Луганська область
57%
Lviv Львівська область
57%
Mykolaiv Миколаївська область
57%
Odesa Одеська область
57%
Poltava Полтавська область
57%
Rivne Рівненська область
57%
Sevastopol Севастополь
57%
Sumy Сумська область
57%
Ternopil Тернопільська область
57%
Vinnytsia Вінницька область
57%
Volyn Волинська область
57%
Zakarpattia Закарпатська область
57%
Zaporizhzhia Запорізька область
57%
Zhytomyr Житомирська область
57%
No matching quizzes found
Score Distribution
Percent of People with Each Score
Percentile by Number Answered
Your Score History
You have not taken this quiz